ბათუმის შოთა რუსთაველის სახელმწიფო უნივერსიტეტის ბიბლიოთეკა

Археология Венгрии : (ბიბ.ჩანაწერი № 61023)

000 -LEADER
fixed length control field 00699nam a22001817a 4500
005 - DATE AND TIME OF LATEST TRANSACTION
control field 20231207130700.0
008 - FIXED-LENGTH DATA ELEMENTS--GENERAL INFORMATION
fixed length control field 231207s1980 ru ||||| |||| 00| 0 rus d
041 ## - LANGUAGE CODE
Language code of text/sound track or separate title rus
080 ## - UNIVERSAL DECIMAL CLASSIFICATION NUMBER
Universal Decimal Classification number 902 A-87
245 ## - TITLE STATEMENT
Title Археология Венгрии :
Remainder of title Каменный век /
Statement of responsibility, etc. Отв. ред. В.С.Титов, И. Эрдели.
264 ## - PRODUCTION, PUBLICATION, DISTRIBUTION, MANUFACTURE, AND COPYRIGHT NOTICE
Place of production, publication, distribution, manufacture М.:
Name of producer, publisher, distributor, manufacturer Наука,
Date of production, publication, distribution, manufacture, or copyright notice 1980.
300 ## - PHYSICAL DESCRIPTION
Extent 418 с. :
Other physical details ил. ;
Dimensions 26 см.
653 ## - INDEX TERM--UNCONTROLLED
keyword უნგრეთის არქეოლოგია
653 ## - INDEX TERM--UNCONTROLLED
keyword ქვის ხანა
700 ## - ADDED ENTRY--PERSONAL NAME
Personal name Титов, В.С.
Relator term რედაქტორი
9 (RLIN) 20612
700 ## - ADDED ENTRY--PERSONAL NAME
Personal name Эрдели, И.
Relator term რედაქტორი
9 (RLIN) 20613
942 ## - ADDED ENTRY ELEMENTS (KOHA)
Source of classification or shelving scheme
Koha item type წიგნი
ეგზემპლარები
Withdrawn status Lost status Source of classification or shelving scheme Damaged status Not for loan Permanent Location Current Location Shelving location Date acquired Cost, normal purchase price Full call number Barcode Date last seen Copy number Uniform Resource Identifier Price effective from Koha item type Public note
          ბათუმის შოთა რუსთაველის სახელმწიფო უნივერსიტეტის მთავარი ბიბლიოთეკა ბათუმის შოთა რუსთაველის სახელმწიფო უნივერსიტეტის მთავარი ბიბლიოთეკა წიგნსაცავი 2023-12-07 10.00 902 A-87 65551 2023-12-07 65551 ბსუ-ს საპატიო დოქტორის გურამ ლორთქიფანიძის საჩუქარი 2023-12-07 წიგნი 10 ლ.